000 01321cam a22003614a 4500
999 _c174
_d174
001 174
003 BD-DhEWU
005 20191030194517.0
008 010925s2003 ohua g b 001 0 eng d
010 _a2001049897
020 _a 032416551X
020 _a 9780324165517
020 _a 0324071744
035 _a(OCoLC)48045818
040 _aDLC
_cDLC
_dDLC
_dBD-DhEWU
_beng
041 _aeng
050 0 0 _aHG3881
_b.M2765 2003
082 0 4 _a658.1599
_222
_bMAI 2003
100 1 _aMadura, Jeff.
_910982
245 1 0 _aInternational financial management /
_cJeff Madura.
250 _a7th ed.
260 _aMason, Ohio :
_bThomson/South-Western,
_cc2003.
300 _axxiv, 696 p. :
_bill. (some col.) ;
_c27 cm.+
504 _aIncludes index.
505 _a1. The international financial environment -- 2. Exchange rate behavior -- 3. Exchange rate risk management -- 4. Long-term asset and liability management -- 5. Short-term asset and liability management.
526 _aBA
590 _aSaifun Momota
650 0 _aInternational finance.
_910983
650 0 _aForeign exchange.
_910984
650 0 _aBanks and banking, International.
_94518
856 4 2 _3WorldCat details
_uhttps://www.worldcat.org/title/international-financial-management/oclc/48045818&referer=brief_results
942 _2ddc
_cTEXT
_037